| 000 | 01185 a2200241 4500 | ||
|---|---|---|---|
| 003 | Nust | ||
| 005 | 20220816114218.0 | ||
| 010 | _a 2008004786 | ||
| 020 | _a0130304972 | ||
| 020 | _a9780130304971 | ||
| 035 | _a(OCoLC)191865672 | ||
| 035 | _a(OCoLC)ocn191865672 | ||
| 040 | _cNust | ||
| 082 | 0 | 0 | _a621.382,RIC |
| 100 | 1 |
_aRice, Michael. _997419 |
|
| 245 | 1 | 0 |
_aDigital communications : _ba discrete-time approach / _cMichael Rice. |
| 260 |
_aUpper Saddle River, N.J. : _bPearson/Prentice Hall, _cc2009. |
||
| 300 |
_axxii, 778 p. : _bill. ; _c25 cm. |
||
| 505 | _aIntroduction (Page-1), Signals and Systems 1: A Review of the Basics (Page-23), Signals and Systems 2: Some Useful Discrete Time Techniques (Page-114), A Review of Probability Theory (Page-178), Linear Modulation 1: Modulation, Demodulation and Detection (Page-214), Linear Modulation 2: Performance (Page-305), Carrier Phase Synchronization (Page-359), Symbol Timing Synchronization (Page-434), System Components (Page-519, System Design (Page-604), | ||
| 650 | 0 | _aTelecommunication Engineering. | |
| 856 | 4 | 1 |
_3Table of contents only _uhttp://www.loc.gov/catdir/toc/ecip0810/2008004786.html |
| 942 |
_2ddc _cREF |
||
| 999 |
_c188237 _d188237 |
||